| 000 | 00595nam a22001695i 4500 | ||
|---|---|---|---|
| 001 | 54157 | ||
| 003 | ES-MaACL | ||
| 005 | 20230906162915.0 | ||
| 007 | t| | ||
| 008 | 960711s1896 fr ||||1| fre d | ||
| 040 |
_aCAM _bspa _cCAM |
||
| 100 | 1 |
_aFierfort, Stanislas. _950708 |
|
| 245 | 1 | 3 |
_aLe contrat humanitaire _b: exposé philosophique de la question sociale ainsi que de la théorie de sa solution pratique / _cpar Stanislas Fierfort. |
| 260 |
_aParis : _bV. Giard et E. Brière, _c1896 ( _eAsnières : _fImprimerie E. Néry) |
||
| 300 |
_a180 p. ; _c18 cm. |
||
| 852 |
_aES-MaACL _jF-10572 |
||
| 999 |
_c54157 _d54157 |
||